=LDR 00000nam 2200000 4500 =001 INLIS000000000810261 =005 20251124090705 =035 ##$$a 0010-1125000115 =007 ta =008 251124###########################0###### =082 ##$$a 297.326. =084 ##$$a 297.326 JAM b =245 ##$$a Bid'ah bid'ah dalam masjid /$c Syaikh Al-'Allamah Muhammad Jamaluddin AlQasimi =250 ##$$a Cet. 1 =260 ##$$a Yogyakarta : :$b Aiisar